| 000 | 00592nam a22002057a 4500 | ||
|---|---|---|---|
| 003 | LC | ||
| 005 | 20160301094338.0 | ||
| 008 | 131001t xxu||||| |||| 00| 0 eng d | ||
| 020 | _a9780316018746 | ||
| 050 |
_aPS 3551 _b.L475 2009 |
||
| 082 |
_aPS 3566 _bP317 2007 |
||
| 100 |
_aPatterson, James _922268 |
||
| 245 |
_aRun for your life / _cJames Patterson |
||
| 260 |
_aNew York : _bLittle, Brown and Co, _c2007. |
||
| 300 |
_a390 p. : _bill. ; _c23 cm. |
||
| 650 |
_aRich people _xFiction _922269 |
||
| 650 |
_aSerial murderers _xFiction _922270 |
||
| 942 |
_2lcc _cBK |
||
| 999 |
_c12423 _d12423 |
||